000 00295nam a22001217a 4500
999 _c12276
_d12276
020 _a9781780172415
082 _a658.403
100 _a Michael G. Hall
245 _aProblem Management
260 _aindia
_bVIVA Books
_c2016
300 _a175 pages.
_b6.7 x 0.4 x 9.6 inches
942 _cMANAGEMENT